000 00601nam a2200193Ia 4500
003 IN-BaIIA
008 211028s9999 xx 000 0 eng d
020 _a0-521-38199-1
040 _cIIA Library
080 _a520.8
_bBIR
100 _aBirney, D. Scott
_917589
245 0 _aObservational astronomy
_cD. Scott Birney
260 _aCambridge
_bCambridge University Press
_c1991
300 _aix, 328p.
650 _aAstronomical Techniques
_91786
650 _aAstronomy and Astrophysics Thesaurus
650 _aObserving Techniques
_9822
942 _cBK
999 _c10351
_d10351